Catálogo público

Química fisiológica práctica / (Record no. 165582)

MARC details
000 -CABECERA
campo de control de longitud fija 00732nam a2200265Ia 4500
001 - NÚMERO DE CONTROL
campo de control Z_2523
003 - IDENTIFICADOR DEL NÚMERO DE CONTROL
campo de control CHAP
008 - DATOS DE LONGITUD FIJA--INFORMACIÓN GENERAL
campo de control de longitud fija 220113s1947 xx 000 0 und d
010 ## - NÚMERO DE CONTROL DE LA BIBLIOTECA DEL CONGRESO
Número de control de LC 165582
040 ## - FUENTE DE LA CATALOGACIÓN
Centro/agencia transcriptor CHAP
082 ## - NÚMERO DE LA CLASIFICACIÓN DECIMAL DEWEY
Número de clasificación 574.192 H3y 1947
100 ## - ENTRADA PRINCIPAL--NOMBRE DE PERSONA
Nombre de persona Hawk, Philip B
9 (RLIN) 53134
245 ## - MENCIÓN DE TÍTULO
Título Química fisiológica práctica /
Mención de responsabilidad, etc. por Philip B Hawk, Bernard L.Oser y William H. Summerson
260 ## - PUBLICACIÓN, DISTRIBUCIÓN, ETC.
Lugar de publicación, distribución, etc. México, D. F. :
Nombre del editor, distribuidor, etc. Interamericana,
Fecha de publicación, distribución, etc. 1947
300 ## - DESCRIPCIÓN FÍSICA
Extensión 1269 p. :
Otras características físicas ilus.
500 ## - NOTA GENERAL
Nota general Trad. De : la 12 ed. En inglés de 1947
650 ## - PUNTO DE ACCESO ADICIONAL DE MATERIA--TÉRMINO DE MATERIA
Término de materia o nombre geográfico como elemento de entrada Bioquímica
9 (RLIN) 12849
650 ## - PUNTO DE ACCESO ADICIONAL DE MATERIA--TÉRMINO DE MATERIA
Término de materia o nombre geográfico como elemento de entrada Química fisiológica I. t.
9 (RLIN) 139507
901 ## - ELEMENTOS DE DATOS A LOCAL LDA (RLIN)
a 574.192 H3Y 1947
902 ## - ELEMENTOS DE DATOS B LOCAL, LDB (RLIN)
a M
910 ## - DATOS DE OPCIÓN DEL USUARIO (OCLC)
Datos de opción del usuario 1947
942 ## - ELEMENTOS DE PUNTO DE ACCESO ADICIONAL (KOHA)
Tipo de ítem Koha Libro_
942 ## - ELEMENTOS DE PUNTO DE ACCESO ADICIONAL (KOHA)
Tipo de ítem Koha
Holdings
Estado de retiro Estado de pérdida Fuente del sistema de clasificación o colocación Estado dañado No para préstamo Código de colección Localización permanente Ubicación/localización actual Ubicación en estantería Fecha de adquisición Código de barras Fecha visto por última vez Número de copia Precio válido a partir de Tipo de ítem Koha
    Dewey Decimal Classification     General Zootecnia Zootecnia   09/11/2005 z_1774 18/01/2022 1 18/01/2022 Libro